Chansons à l'Eurovision 2025 - Statistiques

Statistiques générales
  • Ce quiz a été pris 299 fois
  • Le résultat moyen est 25 sur 37
Statistiques - réponses
Pays Artiste(s) Chanson % Correct
France Louane maman
98%
Pays-Bas Claude C'est la vie
88%
Luxembourg Laura Thorn La poupée monte le son
87%
Autriche JJ Wasted Love
86%
Norvège Kyle Alessandro Lighter
83%
Suisse Zoë Më Voyage
83%
Allemagne Abor & Tynna Baller
82%
Saint-Marin Gabry Ponte Tutta l'Italia
82%
Finlande Erika Vikman ICH KOMME
81%
Australie Go-Jo Milkshake Man
80%
Danemark Sissal Hallucination
77%
Malte Miriana Conte Serving
76%
Arménie PARG SURVIVOR
76%
Estonie Tommy Cash Espresso Macchiato
75%
Suède KAJ Bara bada bastu
71%
Grèce Klavdía Asteromáta
70%
Espagne Melody Esa Diva
70%
Croatie Marko Bošnjak Poison Cake
70%
Irlande EMMY Laika Party
69%
Royaume-Uni Remember Monday What the Hell Just Happened?
69%
Israël Yuval Raphael New Day Will Rise
68%
Albanie Shkodra Elektronike Zjerm
67%
Islande Væb Róa
66%
Belgique Red Sebastian Strobe Lights
66%
Pologne Justyna Steczkowska GAJA
65%
Tchéquie ADONXS Kiss Kiss Goodbye
65%
Chypre Theo Evan Shh
65%
Ukraine Ziferblat Bird of Pray
61%
Serbie Princ Mila
59%
Géorgie Mariam Shengelia Freedom
55%
Azerbaïdjan Mamagama Run With U
54%
Portugal NAPA Deslocado
52%
Slovénie Klemen How Much Time Do We Have Left
50%
Lituanie Katarsis Tavo akys
50%
Italie Lucio Corsi Volevo essere un duro
45%
Monténégro Nina Žižic Dobrodošli
44%
Lettonie Tautumeitas Bur man laimi
43%
Aucun quiz correspondant
Distribution des résultats
% des personnes avec chaque résultat
Percentile par nombre de réponses
Votre historique - résultats
Vous n’avez pas pris ce quiz